[Event "2BLW 1819 SC Hansa Dortmund - SC Remage"]
[Site "?"]
[Date "2019.03.24"]
[Round "8.2"]
[White "Klyuner, Vyacheslav"]
[Black "Popovic, Petar"]
[Result "1-0"]
[WhiteElo "2433"]
[BlackElo "2438"]
[PlyCount "101"]
[EventDate "2019.??.??"]

1. e4 g6 2. d4 Bg7 3. h4 h5 4. Nc3 c6 5. Bc4 d5 6. exd5 Nf6 7. dxc6 Nxc6 8. Nf3
O-O 9. O-O Bg4 10. d5 Bxf3 11. Qxf3 Ne5 12. Qe2 Nxc4 13. Qxc4 Rc8 14. Qb3 Qc7
15. g3 Qd7 16. Bg5 Ng4 17. Rad1 Ne5 18. Kg2 Nc4 19. Rd3 Rfe8 20. Re1 a6 21. a4
Bxc3 22. bxc3 e6 23. Re4 Nd6 24. dxe6 Rxe6 25. Rxe6 fxe6 26. Kg1 Rc6 27. Qb4 e5
28. Qa5 Qe6 29. Qd8+ Kg7 30. Be7 Nf7 31. Qf8+ Kh7 32. Rf3 Nh6 33. Bf6 Qg8 34.
Bxe5 Re6 35. Qc5 Qe8 36. Bd6 Nf7 37. Bf4 Re1+ 38. Kh2 Re6 39. Qd5 Re7 40. a5
Rd7 41. Qc4 Re7 42. Kg2 Qd7 43. Rd3 Qf5 44. Qd5 Qc8 45. c4 Qe8 46. c5 Kg7 47.
Bd6 Re1 48. Rf3 Rb1 49. Qd4+ Kh7 50. Qf6 Nd8 51. Re3 1-0

[Event "2BLW 1819 SC Hansa Dortmund - SC Remage"]
[Site "?"]
[Date "2019.03.24"]
[Round "8.3"]
[White "Cioara, Andrei-Nestor"]
[Black "Scholz, Christian"]
[Result "1-0"]
[WhiteElo "2422"]
[BlackElo "2377"]
[PlyCount "97"]
[EventDate "2019.??.??"]

1. d4 Nf6 2. c4 g6 3. g3 Bg7 4. Bg2 O-O 5. Nc3 d6 6. Nf3 Nc6 7. O-O a6 8. h3
Rb8 9. e4 b5 10. d5 Na5 11. cxb5 axb5 12. b4 Nc4 13. Nd4 Bd7 14. a4 bxa4 15. b5
Nb6 16. Qd3 e6 17. Nc6 Bxc6 18. dxc6 Ne8 19. Be3 f5 20. Ra3 Qe7 21. Bxb6 Bxc3
22. Ba7 Ra8 23. Rxa4 Bg7 24. exf5 Rxf5 25. Re1 Kh8 26. Qb3 Re5 27. Rc1 Re2 28.
Be3 Rb2 29. Qa3 Rc8 30. b6 cxb6 31. Ra8 Rc7 32. Rb8 Kg8 33. Bxb6 Rxb6 34. Rxb6
Bd4 35. Rb7 Qf7 36. Qf3 d5 37. Rxc7 Qxc7 38. Qg4 Qe5 39. Rb1 Nc7 40. Rb8+ Kg7
41. Rb7 Bc5 42. h4 Qd6 43. h5 Qxc6 44. hxg6 Kg8 45. Rb8+ Bf8 46. Qf4 Qc5 47.
Rc8 e5 48. Qxe5 Qc1+ 49. Bf1 1-0

[Event "2BLW 1819 SC Hansa Dortmund - SC Remage"]
[Site "?"]
[Date "2019.03.24"]
[Round "8.4"]
[White "Ackermann, Hans Werner"]
[Black "Petrisor, Adrian-Marian"]
[Result "0-1"]
[WhiteElo "2242"]
[BlackElo "2433"]
[PlyCount "58"]
[EventDate "2019.??.??"]

1. Nf3 d5 2. c4 d4 3. b4 Bg4 4. Ne5 Bf5 5. f4 e6 6. Qa4+ c6 7. d3 Nd7 8. Nxd7
Qxd7 9. Na3 Nf6 10. Bd2 Be7 11. g3 e5 12. fxe5 Ng4 13. Bg2 Nxe5 14. O-O O-O 15.
Qa5 Bd6 16. c5 Bc7 17. Qa4 Bh3 18. Qb3 Bxg2 19. Kxg2 Rae8 20. Rae1 Re6 21. Nc2
Rfe8 22. Rf4 Ng4 23. Rxg4 Rxe2+ 24. Rxe2 Rxe2+ 25. Kf3 Rxd2 26. Nxd4 Rxh2 27.
Qc4 h5 28. Re4 Qh3 29. Re8+ Kh7 0-1

[Event "2BLW 1819 SC Hansa Dortmund - SC Remage"]
[Site "?"]
[Date "2019.03.24"]
[Round "8.5"]
[White "Polaczek, Richard"]
[Black "Kalka, Arkadius Georg"]
[Result "1/2-1/2"]
[WhiteElo "2380"]
[BlackElo "2337"]
[PlyCount "165"]
[EventDate "2019.??.??"]

1. d4 d5 2. Nf3 Nf6 3. c4 c6 4. Nc3 dxc4 5. a4 e6 6. e3 c5 7. Bxc4 Nc6 8. O-O
a6 9. Qe2 cxd4 10. Rd1 Be7 11. exd4 Nb4 12. Bg5 O-O 13. Ne5 Bd7 14. Rac1 Rc8
15. Bb3 Nfd5 16. Bd2 Nf6 17. Qf3 Bc6 18. Qg3 Kh8 19. Bg5 Nh5 20. Bxe7 Qxe7 21.
Qe3 Nf6 22. Qg5 Bd5 23. Nxd5 Nbxd5 24. Bxd5 exd5 25. Re1 Rxc1 26. Qxc1 Qb4 27.
Qc3 Qxa4 28. g4 Ne4 29. Qe3 f6 30. Nd3 Qd7 31. f3 Nd6 32. Nc5 Qc6 33. Qf4 Nb5
34. Re6 Qc8 35. Qe3 h6 36. Re7 Rg8 37. Nd7 Qc6 38. Nc5 f5 39. Re6 Qc7 40. gxf5
Qf7 41. Qe5 Rf8 42. Rxh6+ Kg8 43. Rg6 Nc7 44. Qg3 Qe7 45. Ne6 Nxe6 46. Rxe6 Qb4
47. Qe5 Qxb2 48. Qxd5 Qb5 49. Qxb5 axb5 50. Rb6 Rxf5 51. Kf2 Rh5 52. Ke3 Kf7
53. Rxb7+ Kf6 54. Rb6+ Kf7 55. Ke4 Rh4+ 56. Kd5 Rh5+ 57. Kc6 Rh6+ 58. Kxb5 Rxh2
59. Kc6 Rc2+ 60. Kd5 Rc3 61. f4 g6 62. Rc6 Rf3 63. Ke4 Rf1 64. d5 Re1+ 65. Kd4
Rd1+ 66. Ke5 Re1+ 67. Kd6 Re4 68. Kc7 Rd4 69. d6 Ke6 70. Rc1 Kf5 71. d7 Kxf4
72. Rc6 Rxd7+ 73. Kxd7 g5 74. Ke6 g4 75. Rc4+ Kf3 76. Kf5 g3 77. Rc3+ Kf2 78.
Kf4 g2 79. Rc2+ Kg1 80. Rc7 Kf2 81. Rc2+ Kg1 82. Kf3 Kh1 83. Rxg2 1/2-1/2

[Event "2BLW 1819 SC Hansa Dortmund - SC Remage"]
[Site "?"]
[Date "2019.03.24"]
[Round "8.6"]
[White "Sundorf, Jannik"]
[Black "Alienkin, Aleksander"]
[Result "1-0"]
[WhiteElo "2185"]
[BlackElo "2380"]
[PlyCount "139"]
[EventDate "2019.??.??"]

1. d4 Nf6 2. c4 e6 3. Nf3 Bb4+ 4. Bd2 a5 5. g3 b6 6. Bg2 Bb7 7. O-O O-O 8. Nc3
d6 9. b3 Nbd7 10. a3 Bxc3 11. Bxc3 Ne4 12. Bb2 f5 13. b4 Qe7 14. Qb3 Kh8 15.
Rfd1 Rfb8 16. d5 e5 17. Nh4 g6 18. Qc2 Nef6 19. e4 Nxe4 20. Bxe4 fxe4 21. Qxe4
Kg8 22. f4 Re8 23. Re1 axb4 24. axb4 b5 25. Rxa8 Bxa8 26. Nxg6 Qf7 27. Nxe5
dxe5 28. fxe5 Nxe5 29. Bxe5 bxc4 30. Qg4+ Qg6 31. Qxc4 Qb6+ 32. Kg2 Qe6 33. Kg1
Qb6+ 34. Kf1 Rf8+ 35. Bf4 Qb7 36. Re7 Qxd5 37. Qxd5+ Bxd5 38. Rxc7 Ra8 39. Be5
Be4 40. h4 Ra3 41. Ke2 Rb3 42. Bc3 Rb1 43. Ke3 Bg6 44. Rb7 Rd1 45. Be5 Re1+ 46.
Kd4 Rd1+ 47. Kc5 Be4 48. Re7 Rc1+ 49. Kd4 Bg6 50. Bd6 Bf7 51. b5 Rd1+ 52. Kc5
Rc1+ 53. Kb6 Rb1 54. Kc6 Bh5 55. Re3 Bg4 56. b6 Bh3 57. Re8+ Kf7 58. Re7+ Kg6
59. h5+ Kf6 60. Rxh7 Bg4 61. Bc5 Bf3+ 62. Kd6 Rd1+ 63. Kc7 Rc1 64. Rh6+ Kg5 65.
Rc6 Kxh5 66. b7 Bxc6 67. Kxc6 Rb1 68. Bb6 Rc1+ 69. Kd5 Rd1+ 70. Ke4 1-0

[Event "2BLW 1819 SC Hansa Dortmund - SC Remage"]
[Site "?"]
[Date "2019.03.24"]
[Round "8.7"]
[White "Huhndorf, Arnold"]
[Black "Babar, Michael"]
[Result "1-0"]
[WhiteElo "2244"]
[BlackElo "2151"]
[PlyCount "129"]
[EventDate "2019.??.??"]

1. d4 d6 2. c4 g6 3. Nc3 Bg7 4. e4 Nf6 5. Be2 O-O 6. Bg5 c6 7. Qd2 a6 8. Nf3
Bg4 9. h3 Bxf3 10. Bxf3 Nbd7 11. O-O Qc7 12. Rac1 Rfe8 13. Rfe1 e5 14. d5 c5
15. g4 Rab8 16. Qd3 h6 17. Bd2 Nh7 18. Kg2 Qd8 19. Rh1 Ndf8 20. h4 Qd7 21. Be2
Rec8 22. a4 Qe7 23. Qg3 Nd7 24. Rh3 Rf8 25. Bd3 Rfe8 26. Rch1 Qf8 27. h5 g5 28.
Nd1 Ndf6 29. Ne3 Kh8 30. Nf5 Red8 31. b4 b6 32. Rb1 Ng8 33. Rhh1 Ne7 34. Ne3
Nf6 35. a5 Nd7 36. axb6 Rxb6 37. b5 Rdb8 38. Ba5 R6b7 39. bxa6 Rxb1 40. Rxb1
Rxb1 41. Bxb1 Qa8 42. Qf3 Nf6 43. Bd3 Kg8 44. Qd1 Qxa6 45. Qa4 Qc8 46. f3 Bf8
47. Bc2 Kg7 48. Qb5 Kg8 49. Ba4 Kg7 50. Qb6 Kg8 51. Bb5 Kg7 52. Qc7 Qa8 53. Kf2
Kg8 54. Ke2 Kg7 55. Kd3 Kg8 56. Kc2 Kg7 57. Kb3 Kg8 58. Ka4 Ne8 59. Qd8 Qxd8
60. Bxd8 Nf6 61. Ka5 Nh7 62. Kb6 f5 63. Bxe7 Bxe7 64. Nxf5 Kf8 65. Kc7 1-0

[Event "2BLW 1819 DJK Aachen II - Bochumer SV 0"]
[Site "?"]
[Date "2019.03.24"]
[Round "8.1"]
[White "Zaitsev, Mikhail"]
[Black "Dambacher, Martijn"]
[Result "1/2-1/2"]
[WhiteElo "2440"]
[BlackElo "2504"]
[PlyCount "25"]
[EventDate "2019.??.??"]

1. e4 c5 2. c3 d5 3. exd5 Qxd5 4. d4 Nf6 5. Nf3 e6 6. Be2 Nc6 7. O-O cxd4 8.
cxd4 Be7 9. Nc3 Qd6 10. Nb5 Qd8 11. Bf4 Nd5 12. Bg3 a5 13. Nc3 1/2-1/2

[Event "2BLW 1819 DJK Aachen II - Bochumer SV 0"]
[Site "?"]
[Date "2019.03.24"]
[Round "8.3"]
[White "Wolter, Detlev"]
[Black "Lenaerts, Lennert"]
[Result "0-1"]
[WhiteElo "2222"]
[BlackElo "2377"]
[PlyCount "76"]
[EventDate "2019.??.??"]

1. d4 d5 2. c4 c6 3. Nc3 dxc4 4. e4 b5 5. a4 b4 6. Nce2 e6 7. Nf3 Ba6 8. Ng3 c5
9. Be3 cxd4 10. Nxd4 Nd7 11. Be2 Qa5 12. O-O Ngf6 13. Nb5 Bxb5 14. axb5 Qxb5
15. b3 Bc5 16. Bxc4 Qb6 17. Ra6 Qc7 18. Re1 O-O 19. h3 Bxe3 20. Rxe3 Ne5 21.
Bf1 Rfd8 22. Qe1 Qc5 23. Qa1 Ng6 24. Qa5 Qxa5 25. Rxa5 Rd1 26. Kh2 Rb1 27. Bc4
Nd7 28. Ne2 Rb2 29. Kg3 Nb6 30. Bb5 Rd2 31. f4 Ne7 32. Kf3 f6 33. Rd3 Rxd3+ 34.
Bxd3 e5 35. g3 Rd8 36. Ke3 exf4+ 37. gxf4 Rd7 38. Nd4 Rxd4 0-1

[Event "2BLW 1819 DJK Aachen II - Bochumer SV 0"]
[Site "?"]
[Date "2019.03.24"]
[Round "8.4"]
[White "Skulener, Wladimir"]
[Black "Kiese, Matthias"]
[Result "1/2-1/2"]
[WhiteElo "2386"]
[BlackElo "2209"]
[PlyCount "21"]
[EventDate "2019.??.??"]

1. e4 c5 2. Nf3 d6 3. Bb5+ Bd7 4. Bxd7+ Qxd7 5. c4 Nf6 6. Nc3 g6 7. O-O Bg7 8.
d4 cxd4 9. Nxd4 O-O 10. f3 Rc8 11. b3 {(=)} 1/2-1/2

[Event "2BLW 1819 DJK Aachen II - Bochumer SV 0"]
[Site "?"]
[Date "2019.03.24"]
[Round "8.5"]
[White "Jellinghaus, Lars"]
[Black "Mastalerz, Xavier"]
[Result "0-1"]
[WhiteElo "2255"]
[BlackElo "2239"]
[PlyCount "62"]
[EventDate "2019.??.??"]

1. d4 Nf6 2. c4 e5 3. dxe5 Ne4 4. Nd2 Bb4 5. a3 Bxd2+ 6. Bxd2 Nxd2 7. Qxd2 Nc6
8. Nf3 Qe7 9. Qc3 b6 10. Rd1 Bb7 11. Rd3 O-O-O 12. e3 g5 13. h3 h5 14. e6 fxe6
15. Ne5 Nxe5 16. Qxe5 Rhf8 17. Be2 Bxg2 18. Rg1 Rf5 19. Qg3 Bb7 20. Bxh5 Rdf8
21. Rd2 Qc5 22. Bg4 R5f6 23. Kd1 Bc6 24. Kc1 Qxc4+ 25. Rc2 Qa2 26. f3 Kb7 27.
Rd1 d6 28. Rd4 Bd5 29. Rc3 e5 30. Ra4 Bb3 31. Rb4 Qa1+ 0-1

[Event "2BLW 1819 DJK Aachen II - Bochumer SV 0"]
[Site "?"]
[Date "2019.03.24"]
[Round "8.6"]
[White "Herman, Jean"]
[Black "Pewny, Uwe"]
[Result "1/2-1/2"]
[WhiteElo "2301"]
[BlackElo "2209"]
[PlyCount "54"]
[EventDate "2019.??.??"]

1. d4 d6 2. Nf3 Nf6 3. c4 g6 4. Nc3 Bg7 5. e4 O-O 6. Be2 e5 7. O-O exd4 8. Nxd4
Re8 9. f3 c6 10. Bg5 Qa5 11. Bf4 Nh5 12. Be3 f5 13. Nb3 Qc7 14. Qd2 f4 15. Bxf4
Nxf4 16. Qxf4 Nd7 17. Rad1 Ne5 18. Nd4 a5 19. Kh1 a4 20. Qd2 Nf7 21. f4 Qe7 22.
a3 Qc7 23. Qc2 Qb6 24. Nf3 Qa5 25. Nd4 Qb6 26. Nf3 Qa5 27. Nd4 Qb6 1/2-1/2

[Event "2BLW 1819 DJK Aachen II - Bochumer SV 0"]
[Site "?"]
[Date "2019.03.24"]
[Round "8.7"]
[White "Schneider, Bernd"]
[Black "Marcziter, Dmitrii"]
[Result "1/2-1/2"]
[WhiteElo "2363"]
[BlackElo "2225"]
[PlyCount "44"]
[EventDate "2019.??.??"]

1. c4 c5 2. Nf3 e6 3. Nc3 Nc6 4. g3 d5 5. cxd5 exd5 6. d4 Nf6 7. Bg2 Be7 8. O-O
O-O 9. dxc5 Bxc5 10. Bg5 d4 11. Bxf6 Qxf6 12. Nd5 Qd8 13. Nd2 a6 14. Rc1 Ba7
15. Nb3 Qd6 16. Qd2 Bg4 17. h3 Bxh3 18. Bxh3 Qxd5 19. Bg2 Qd6 20. e3 Rfd8 21.
Bxc6 bxc6 22. exd4 Bxd4 {(=)} 1/2-1/2

[Event "2BLW 1819 DJK Aachen II - Bochumer SV 0"]
[Site "?"]
[Date "2019.03.24"]
[Round "8.8"]
[White "Juegel, Marcel"]
[Black "Kraemer, Matthias"]
[Result "1/2-1/2"]
[WhiteElo "2192"]
[BlackElo "2233"]
[PlyCount "118"]
[EventDate "2019.??.??"]

1. d4 Nf6 2. Nc3 d5 3. Bf4 e6 4. Nb5 Na6 5. a3 c5 6. e3 Be7 7. c3 Qb6 8. a4 O-O
9. h3 Bd7 10. a5 Qd8 11. Nf3 c4 12. Na3 b5 13. Be2 b4 14. Nb1 Ne4 15. Nbd2 Nxd2
16. Nxd2 bxc3 17. bxc3 Nc7 18. O-O Nb5 19. Qc1 Bc6 20. e4 Rc8 21. exd5 exd5 22.
Bg4 Bd7 23. Bxd7 Qxd7 24. Re1 Rfe8 25. Nf3 f6 26. Qc2 a6 27. Re2 Bd8 28. Rxe8+
Qxe8 29. Qf5 Qc6 30. Bd2 g6 31. Qg4 Rc7 32. Re1 Re7 33. Rxe7 Bxe7 34. h4 Kf7
35. h5 Qe6 36. Qf4 Qf5 37. hxg6+ hxg6 38. Qh6 g5 39. Qh5+ Qg6 40. Qg4 Nd6 41.
Qd7 Qb1+ 42. Kh2 Qb7 43. Qh3 Kg7 44. Qe6 Ne4 45. Be1 Qc7+ 46. g3 Qd6 47. Qg4
Bd8 48. Nh4 Kf8 49. Nf5 Qe6 50. Qh3 Qd7 51. f3 Nd6 52. Qh8+ Kf7 53. Qh7+ Ke6
54. Ng7+ Kf7 55. Nf5+ Ke6 56. Ng7+ Ke7 57. Nf5+ Ke6 58. Ng7+ Ke7 59. Nf5+ Ke6
1/2-1/2

[Event "2BLW 1819 SV Oberursel - Aachener SV"]
[Site "?"]
[Date "2019.03.24"]
[Round "8.1"]
[White "Seel, Christian"]
[Black "Dubiel, Jacek"]
[Result "1/2-1/2"]
[WhiteElo "2482"]
[BlackElo "2428"]
[PlyCount "26"]
[EventDate "2019.??.??"]

1. Nf3 d5 2. d4 Nf6 3. c4 e6 4. Nc3 Be7 5. Bf4 O-O 6. e3 c5 7. dxc5 Bxc5 8. Qc2
Nc6 9. Rd1 Qa5 10. Be2 dxc4 11. Bxc4 Nb4 12. Qb3 Nbd5 13. Be5 Qb4 {(=)} 1/2-1/2

[Event "2BLW 1819 SV Oberursel - Aachener SV"]
[Site "?"]
[Date "2019.03.24"]
[Round "8.2"]
[White "Heinz, Axel"]
[Black "Koch, Thomas"]
[Result "1/2-1/2"]
[WhiteElo "2445"]
[BlackElo "2474"]
[PlyCount "24"]
[EventDate "2019.??.??"]

1. e4 c5 2. Nf3 d6 3. Bb5+ Bd7 4. Bxd7+ Nxd7 5. c4 Ngf6 6. Nc3 e6 7. d4 cxd4 8.
Qxd4 Be7 9. O-O a6 10. Bg5 Qc7 11. Rac1 O-O 12. b3 Rfd8 {(=)} 1/2-1/2

[Event "2BLW 1819 SV Oberursel - Aachener SV"]
[Site "?"]
[Date "2019.03.24"]
[Round "8.3"]
[White "Vandenbussche, Thibaut"]
[Black "Schlamp, Robert"]
[Result "1/2-1/2"]
[WhiteElo "2434"]
[BlackElo "2289"]
[PlyCount "109"]
[EventDate "2019.??.??"]

1. e4 e6 2. d4 d5 3. Nc3 Bb4 4. a3 Bxc3+ 5. bxc3 dxe4 6. Qg4 Nf6 7. Qxg7 Rg8 8.
Qh6 Rg6 9. Qd2 Bd7 10. Ne2 Bc6 11. Nf4 Rg8 12. c4 Qd6 13. Bb2 Rg4 14. Nh3 Nbd7
15. a4 Qf8 16. O-O-O O-O-O 17. a5 Qg8 18. Qe3 Kb8 19. g3 b6 20. Bg2 bxa5 21. f3
exf3 22. Bxf3 Bxf3 23. Qxf3 Qg6 24. Rhe1 Nb6 25. Nf4 Rxf4 26. gxf4 Nxc4 27.
Qb3+ Nb6 28. c4 Kc8 29. Re5 Qg4 30. f5 Qf4+ 31. Kb1 a4 32. Qc2 Nfd7 33. Ra5 Qf3
34. Rc1 Rg8 35. fxe6 fxe6 36. c5 Rg2 37. Qc3 Qe4+ 38. Ka1 Nd5 39. Qc4 Ne3 40.
Qxa4 Nc2+ 41. Ka2 Nxd4 42. Rxa7 Qd5+ 43. Ka3 Nc6 44. Ra8+ Ndb8 45. Qa6+ Kd7 46.
Qb5 Rg8 47. Rf1 e5 48. Rf6 Re8 49. Rh6 Qe4 50. Qb3 Nd4 51. Qa4+ Nbc6 52. Rxe8
Qf3+ 53. Ka2 Qd5+ 54. Kb1 Qe4+ 55. Ka2 1/2-1/2

[Event "2BLW 1819 SV Oberursel - Aachener SV"]
[Site "?"]
[Date "2019.03.24"]
[Round "8.4"]
[White "Haakert, Juergen"]
[Black "Piceu, Tom"]
[Result "0-1"]
[WhiteElo "2290"]
[BlackElo "2363"]
[PlyCount "98"]
[EventDate "2019.??.??"]

1. Nf3 Nf6 2. g3 d5 3. Bg2 c6 4. O-O Nbd7 5. d3 e5 6. e4 Bd6 7. exd5 cxd5 8. c4
O-O 9. cxd5 Nxd5 10. Nbd2 N7b6 11. Nc4 Re8 12. Re1 f6 13. Nxb6 Nxb6 14. Bd2 Bf8
15. Ba5 Bg4 16. h3 Bh5 17. Rc1 Qd6 18. Qb3+ Bf7 19. Qb5 Rad8 20. Nd2 Qxd3 21.
Qxd3 Rxd3 22. Bxb7 Red8 23. Rc2 Bg6 24. Be4 Bxe4 25. Rxe4 R8d5 26. Bc3 Bd6 27.
Nc4 f5 28. Nxb6 axb6 29. Ra4 h5 30. Bb4 Kh7 31. Bxd6 Rxd6 32. Rac4 e4 33. Rc6
h4 34. Rxd6 Rxd6 35. gxh4 Kh6 36. Rc8 Kh5 37. Rh8+ Kg6 38. Re8 Kf6 39. a4 Rd4
40. f3 Rxa4 41. fxe4 Rxe4 42. Rf8+ Kg6 43. h5+ Kg5 44. Rf7 Re2 45. Rxg7+ Kxh5
46. Rg2 Re3 47. Rd2 Rxh3 48. Rd5 Kg4 49. Rb5 Rh6 0-1

[Event "2BLW 1819 SV Oberursel - Aachener SV"]
[Site "?"]
[Date "2019.03.24"]
[Round "8.5"]
[White "Lemmers, Oscar"]
[Black "Haubt, Georg"]
[Result "1-0"]
[WhiteElo "2344"]
[BlackElo "2151"]
[PlyCount "99"]
[EventDate "2019.??.??"]

1. e4 d5 2. exd5 Qxd5 3. Nc3 Qd6 4. d4 Nf6 5. Nf3 a6 6. h3 b5 7. g3 Bb7 8. Bg2
e6 9. Bf4 Qb6 10. a4 Bd6 11. Be3 Nd5 12. Nxd5 Bxd5 13. axb5 axb5 14. Rxa8 Bxa8
15. d5 Qa5+ 16. Bd2 Qa2 17. dxe6 Qxe6+ 18. Be3 Qe7 19. Qd3 b4 20. O-O Be4 21.
Qc4 O-O 22. Re1 Qe6 23. Qxe6 fxe6 24. Nd4 Bxg2 25. Kxg2 Re8 26. Bd2 Kf7 27. Nf3
h6 28. Ne5+ Kf6 29. Nd3 c5 30. c3 b3 31. c4 Nd7 32. Ra1 Rb8 33. Bc3+ Kf7 34.
Ra7 Ke8 35. Bxg7 Nb6 36. Be5 Nxc4 37. Bxd6 Nxd6 38. Nxc5 Nc4 39. Nd3 Nd2 40.
Rc7 Kd8 41. Rc1 Ke7 42. f3 Rd8 43. Rc3 Kf6 44. Nc5 e5 45. Kf2 Kf5 46. Ke2 Nb1
47. Rxb3 Rd2+ 48. Ke3 Rh2 49. Ne4 Rxh3 50. Rb6 1-0

[Event "2BLW 1819 SV Oberursel - Aachener SV"]
[Site "?"]
[Date "2019.03.24"]
[Round "8.6"]
[White "Weber, Samuel"]
[Black "Sonntag, Hans-Hubert"]
[Result "0-1"]
[WhiteElo "2166"]
[BlackElo "2337"]
[PlyCount "56"]
[EventDate "2019.??.??"]

1. e4 e5 2. Nf3 Nc6 3. Bc4 Bc5 4. c3 Nf6 5. d3 d6 6. a4 a6 7. Na3 Ba7 8. O-O
Ne7 9. Nc2 Ng6 10. Be3 O-O 11. Re1 c6 12. Ba2 Bxe3 13. fxe3 h6 14. b4 d5 15.
exd5 cxd5 16. e4 dxe4 17. dxe4 Qb6+ 18. Kf1 Qc6 19. Qd3 Be6 20. h3 Bxa2 21.
Rxa2 Rfd8 22. Ncd4 exd4 23. cxd4 Rac8 24. Kg1 Qc3 25. Qb1 Nf4 26. e5 N6d5 27.
Qf5 Qd3 28. Qg4 Qg6 0-1

[Event "2BLW 1819 SV Oberursel - Aachener SV"]
[Site "?"]
[Date "2019.03.24"]
[Round "8.7"]
[White "Klein, Felix"]
[Black "Nichols, Marc"]
[Result "1-0"]
[WhiteElo "2311"]
[BlackElo "2135"]
[PlyCount "59"]
[EventDate "2019.??.??"]

1. e4 d6 2. d4 Nf6 3. Nc3 g6 4. Be3 Bg7 5. Qd2 c6 6. f3 Nbd7 7. h4 e5 8. dxe5
dxe5 9. O-O-O Qe7 10. g4 h5 11. Bh3 b5 12. g5 Nh7 13. Qd6 Qxd6 14. Rxd6 b4 15.
Na4 Nb6 16. Nxb6 axb6 17. Rxc6 Bxh3 18. Nxh3 O-O 19. Kb1 Ra4 20. b3 Ra3 21.
Rxb6 Rfa8 22. Bc1 Rxa2 23. Rb8+ Nf8 24. Rxa8 Rxa8 25. Nf2 Ne6 26. Nd3 Nd4 27.
Nxb4 Nxf3 28. c3 f5 29. gxf6 Bxf6 30. Rf1 1-0

[Event "2BLW 1819 SV Oberursel - Aachener SV"]
[Site "?"]
[Date "2019.03.24"]
[Round "8.8"]
[White "Neininger, Ralph"]
[Black "Lamby, Philipp"]
[Result "0-1"]
[WhiteElo "2128"]
[BlackElo "2170"]
[PlyCount "62"]
[EventDate "2019.??.??"]

1. Nf3 d5 2. d4 Nf6 3. c4 e6 4. e3 c5 5. Nc3 a6 6. dxc5 Bxc5 7. a3 O-O 8. b4
Ba7 9. c5 Nc6 10. Bb2 e5 11. Be2 Bf5 12. Na4 Re8 13. O-O Qc7 14. Nh4 Be6 15. f4
Rad8 16. fxe5 Nxe5 17. Nf5 Bxf5 18. Rxf5 Ne4 19. Qe1 Bb8 20. Qh4 Qd7 21. Raf1
Ng6 22. Qh5 Qxa4 23. Bxg7 Rd7 24. Qh6 f6 25. Bxf6 Nxf6 26. Rxf6 Be5 27. Bd1 Qb5
28. Be2 Qxe2 29. Rxg6+ Rg7 30. Rxg7+ Bxg7 31. Qb6 Qxe3+ 0-1

[Event "2BLW 1819 SV Koblenz - SV Mülheim Nord"]
[Site "?"]
[Date "2019.03.24"]
[Round "8.1"]
[White "Zwirs, Nico"]
[Black "Balog, Imre"]
[Result "1/2-1/2"]
[WhiteElo "2376"]
[BlackElo "2576"]
[PlyCount "70"]
[EventDate "2019.??.??"]

1. e4 g6 2. d4 Bg7 3. Nc3 d6 4. f4 Nf6 5. Nf3 O-O 6. e5 dxe5 7. fxe5 Nd5 8. Bc4
Nb6 9. Bb3 Nc6 10. O-O Na5 11. Qe2 Bg4 12. Be3 Nxb3 13. axb3 f6 14. h3 Bxf3 15.
Rxf3 Qd7 16. exf6 exf6 17. Bf2 f5 18. Rd3 c6 19. Qf3 Rfd8 20. d5 Nxd5 21. Nxd5
cxd5 22. Rad1 Qc6 23. c3 a6 24. Rxd5 Bf6 25. b4 Rxd5 26. Rxd5 Rd8 27. Rxd8+
Bxd8 28. Qe3 Bf6 29. Qa7 Qd7 30. Bd4 Bxd4+ 31. cxd4 Kf7 32. Qc5 Qc6 33. d5 Qe8
34. Qc7+ Kf6 35. Qxb7 Qe1+ {(=)} 1/2-1/2

[Event "2BLW 1819 SV Koblenz - SV Mülheim Nord"]
[Site "?"]
[Date "2019.03.24"]
[Round "8.2"]
[White "Sulskis, Sarunas"]
[Black "Hopman, Pieter"]
[Result "1-0"]
[WhiteElo "2524"]
[BlackElo "2352"]
[PlyCount "81"]
[EventDate "2019.??.??"]

1. e4 d6 2. d4 Nf6 3. Nc3 e5 4. Nf3 Nbd7 5. Bc4 Be7 6. O-O O-O 7. a4 c6 8. Re1
Qa5 9. h3 b5 10. Ba2 b4 11. Nb1 Re8 12. Nbd2 exd4 13. Nc4 Qa6 14. e5 dxe5 15.
Ncxe5 Nxe5 16. Nxe5 Be6 17. Bxe6 fxe6 18. Qxd4 Rad8 19. Qc4 Qxc4 20. Nxc4 Nd5
21. Rxe6 Bc5 22. Rxe8+ Rxe8 23. Kf1 Rf8 24. f3 Bd4 25. Bd2 c5 26. Re1 Rd8 27.
Re6 Bf6 28. Ke2 Bd4 29. f4 Rf8 30. g3 h5 31. Kf3 Rf7 32. Rd6 Nb6 33. Nxb6 axb6
34. b3 Rf6 35. Rxf6 Bxf6 36. Ke4 Kf7 37. Kd5 Bd8 38. g4 hxg4 39. hxg4 Ke7 40.
f5 Kd7 41. c3 1-0

[Event "2BLW 1819 SV Koblenz - SV Mülheim Nord"]
[Site "?"]
[Date "2019.03.24"]
[Round "8.3"]
[White "Rezasade, Amir"]
[Black "Seul, Georg"]
[Result "0-1"]
[WhiteElo "2340"]
[BlackElo "2418"]
[PlyCount "88"]
[EventDate "2019.??.??"]

1. Nf3 Nf6 2. c4 e6 3. g3 a6 4. Bg2 b5 5. b3 Bb7 6. Bb2 c5 7. O-O Be7 8. e3 O-O
9. Nc3 b4 10. Ne2 d6 11. Qc2 Nbd7 12. h3 Qc7 13. d3 a5 14. a4 d5 15. cxd5 exd5
16. Nd2 Rac8 17. e4 Rfd8 18. exd5 Bxd5 19. Nf4 Bxg2 20. Kxg2 Bd6 21. Ne2 Be5
22. Nc4 Bxb2 23. Qxb2 Nf8 24. Rad1 Ne6 25. Qe5 Qb7+ 26. Kh2 Rd5 27. Qb2 Qc7 28.
Ne3 Rd7 29. d4 cxd4 30. Nxd4 Qe5 31. Nc4 Rxc4 32. bxc4 Nxd4 33. Qb1 h5 34. Kg2
Qc5 35. Rd3 Qxc4 36. Rfd1 Qc6+ 37. f3 Ne6 38. Rxd7 Nxd7 39. Qd3 Ndc5 40. Qb5
Qxb5 41. axb5 a4 42. b6 a3 43. f4 a2 44. f5 Nd4 0-1

[Event "2BLW 1819 SV Koblenz - SV Mülheim Nord"]
[Site "?"]
[Date "2019.03.24"]
[Round "8.4"]
[White "Fritsche, Lutz"]
[Black "Stillger, Bernhard"]
[Result "1/2-1/2"]
[WhiteElo "2300"]
[BlackElo "2254"]
[PlyCount "95"]
[EventDate "2019.??.??"]

1. e4 e6 2. d4 d5 3. Nd2 c5 4. Ngf3 Nc6 5. Bb5 a6 6. Bxc6+ bxc6 7. O-O Nf6 8.
Qe2 Be7 9. b3 O-O 10. Bb2 Bb7 11. dxc5 Bxc5 12. Ne5 Qe7 13. a3 Rfe8 14. c4 Ba7
15. Nd3 c5 16. e5 Nd7 17. Rac1 Rab8 18. Rfe1 Qg5 19. Qe3 Qxe3 20. Rxe3 d4 21.
Ree1 a5 22. Ra1 f6 23. exf6 gxf6 24. b4 e5 25. Nb3 a4 26. Nbxc5 Nxc5 27. bxc5
e4 28. c6 exd3 29. Rxe8+ Rxe8 30. cxb7 Rb8 31. Rd1 Rxb7 32. Rd2 Bc5 33. g4 Rb3
34. Kg2 Kf7 35. Kf3 Bxa3 36. Bxa3 Rxa3 37. Ke4 Rb3 38. Kxd4 a3 39. c5 Ke7 40.
Kc4 Rb2 41. Rxd3 a2 42. Ra3 Rxf2 43. h3 Kd7 44. Kd5 Rd2+ 45. Kc4 Kc6 46. Ra6+
Kb7 47. Ra3 Kc6 48. Ra6+ 1/2-1/2

[Event "2BLW 1819 SV Koblenz - SV Mülheim Nord"]
[Site "?"]
[Date "2019.03.24"]
[Round "8.5"]
[White "Van Meegen, Ruud"]
[Black "Hammes, Michael"]
[Result "1/2-1/2"]
[WhiteElo "2284"]
[BlackElo "2343"]
[PlyCount "76"]
[EventDate "2019.??.??"]

1. c4 e6 2. Nc3 d5 3. d4 a6 4. cxd5 exd5 5. Nf3 Nf6 6. Bg5 Be6 7. e3 Bd6 8. Bd3
Nbd7 9. Qc2 h6 10. Bf4 Qe7 11. Bxd6 Qxd6 12. Na4 O-O 13. O-O Bg4 14. Nh4 b5 15.
Nc5 Nxc5 16. Qxc5 Qxc5 17. dxc5 g5 18. Nf5 Bxf5 19. Bxf5 a5 20. a4 Rfb8 21.
Rfb1 b4 22. b3 Re8 23. Rd1 Re5 24. g4 c6 25. Rd4 Rae8 26. Rc1 R8e7 27. Kg2 Ne8
28. Rd2 Kg7 29. Kg3 Nf6 30. Rd4 Ne4+ 31. Bxe4 Rxe4 32. Rcd1 Kg6 33. Rxe4 Rxe4
34. Rd3 f5 35. gxf5+ Kxf5 36. h3 Ke5 37. f3 Rh4 38. Rd1 Kf5 1/2-1/2

[Event "2BLW 1819 SV Koblenz - SV Mülheim Nord"]
[Site "?"]
[Date "2019.03.24"]
[Round "8.6"]
[White "Stewart, Neil"]
[Black "Kahleys, Kevin"]
[Result "1-0"]
[WhiteElo "2211"]
[BlackElo "2210"]
[PlyCount "105"]
[EventDate "2019.??.??"]

1. Nf3 d5 2. d4 Nf6 3. c4 c6 4. cxd5 cxd5 5. Nc3 Nc6 6. Bf4 Nh5 7. Be5 f6 8.
Bg3 Nxg3 9. hxg3 e5 10. e3 Be6 11. dxe5 fxe5 12. Bb5 Qd6 13. Qa4 Rc8 14. Qxa7
Bd7 15. Qa4 e4 16. Nd4 Bg4 17. Nde2 Qb4 18. a3 Qxa4 19. Bxa4 Bc5 20. Rc1 O-O
21. Bb3 Be6 22. Nxe4 Ne5 23. Nxc5 Rxc5 24. O-O Rxc1 25. Nxc1 Kf7 26. Rd1 Nc4
27. Bxc4 dxc4 28. Na2 Ke7 29. Nc3 Rf5 30. f3 h5 31. Kf2 g5 32. e4 Rc5 33. Ke3
h4 34. gxh4 gxh4 35. f4 Rc8 36. f5 Bf7 37. Rd2 Rg8 38. Kf4 Bh5 39. Nd5+ Kf7 40.
Ne3 Rc8 41. Kg5 c3 42. bxc3 Rxc3 43. Nd5 h3 44. gxh3 Rxh3 45. Nf4 Rg3+ 46. Kxh5
Kf6 47. Ng6 Rxa3 48. Rb2 Rg3 49. Rb6+ Kg7 50. Rxb7+ Kg8 51. Rb8+ Kg7 52. e5
Rxg6 53. Rb7+ 1-0